Normal view MARC view
  • Security, International

Entry Topical Term

Number of records used in: 1

001 - CONTROL NUMBER

  • control field: 1047

003 - CONTROL NUMBER IDENTIFIER

  • control field: OSt

005 - DATE AND TIME OF LATEST TRANSACTION

  • control field: 20250902135950.0

008 - FIXED-LENGTH DATA ELEMENTS

  • fixed length control field: 250902|| aca||aabn | a|a d

040 ## - CATALOGING SOURCE

  • Original cataloging agency: OSt
  • Transcribing agency: OSt

150 ## - HEADING--TOPICAL TERM

  • Topical term or geographic name entry element: Security, International

670 ## - SOURCE DATA FOUND

  • Source citation: Work cat.: (OSt)751162: Dagdelen, Sevim, 1046, NATO :, , 2024